000 00359nam a2200133Ia 4500
008 240624s9999 xx 000 0 und d
041 _aeng
082 _a658.15120218 JAI
100 _aJAIN PAWAN
245 _aINDIAN AND INTERNATIONAL FINANCIAL REPOR
260 _c2015
_aGermany
_bLambert Academic Publishing
300 _a124 : p. : cm. ; 21
365 _cRS
999 _c24062
_d24062